000
00166 a2200073 4500
020
_a
9780273726951
082
_a
808.02 MAC
245
_a
HOW TO WRITE ESSAYS AND ASSIGNMENTS
999
_c
793883
_d
793882
942
_w
223
_x
Zanele Mgwenya
_y
223
_z
Zanele Mgwenya